How to spell Taumatawhakatangi... - Statistics

General Stats
  • This quiz has been taken 694 times
  • The average score is 60 of 85
Answer Stats
Answer % Correct
a
100%
m
100%
T
100%
u
100%
a
98%
t
98%
a
97%
w
97%
a
96%
h
96%
k
95%
a
94%
a
94%
t
94%
g
92%
i
92%
n
92%
h
83%
a
79%
n
77%
g
76%
a
75%
k
74%
a
73%
o
73%
u
73%
a
71%
u
71%
o
70%
a
67%
t
67%
a
66%
e
66%
m
66%
t
66%
a
65%
p
65%
t
65%
a
64%
i
64%
k
64%
k
64%
p
64%
r
64%
u
64%
a
63%
i
63%
u
63%
a
62%
a
62%
e
62%
g
62%
h
62%
h
62%
i
62%
k
62%
m
62%
n
62%
n
62%
n
62%
o
62%
o
62%
r
62%
u
62%
w
62%
a
61%
i
61%
k
61%
o
61%
p
61%
u
61%
u
61%
k
60%
u
60%
a
59%
a
58%
a
58%
h
58%
i
58%
k
58%
n
58%
t
58%
a
57%
t
57%
u
57%
No matching quizzes found
Score Distribution
Percent of People with Each Score
Percentile by Number Answered
Your Score History
You have not taken this quiz